[Event "Brno op 8th"]
[Site "Brno"]
[Date "2018.11.14"]
[Round "6"]
[White "Broz, Jan"]
[Black "Mazanec, Karel"]
[Result "1/2-1/2"]
[WhiteElo "1315"]
[BlackElo "1660"]
[PlyCount "42"]
[EventDate "2018.11.10"]
[EventType "swiss"]
[EventRounds "9"]
[EventCountry "CZE"]
[SourceTitle "CBM 187 Extra"]
[Source "ChessBase"]
[SourceDate "2018.11.04"]
[SourceVersion "1"]
[SourceVersionDate "2018.11.04"]
[SourceQuality "1"]

1. e4 e5 2. f4 Bc5 3. Nf3 d6 4. Bc4 Nc6 5. d3 Nf6 6. Nc3 a6 7. fxe5 Nxe5 8. Nxe5 dxe5 9. Bg5 0-0 10. Nd5 Be7 11. Nxe7+ Qxe7 12. 0-0 Qc5+ 13. Kh1 Nxe4 14. Bxf7+ Rxf7 15. Rxf7 Nf2+ 16. Rxf2 Qxf2 17. Qd2 Qf5 18. Bh4 Bd7 19. Qf2 Rf8 20. Qxf5 Rxf5 21. a3 Kf7 1/2-1/2